| 000 | 00638 a2200169 4500 | ||
|---|---|---|---|
| 003 | NUST | ||
| 005 | 20230120170649.0 | ||
| 040 | _cNust | ||
| 082 | _a720,BRA | ||
| 100 |
_aBraddell, Dracy _9107275 |
||
| 245 |
_aHow to look at buildings / _cDarcy Braddell |
||
| 260 |
_aWashingaton _bMethuen and company _c1945 |
||
| 300 | _a166 p.; | ||
| 505 | _aPreliminary (Page-1), Expression (Page-7), Composition (Page-13), Proportion (Page-29), Scale (Page-94), Detail (Page-103), Ornament (Page-119), Texture (Page-131), Colour (Page-143), The Civil Sense (Page-151). | ||
| 650 |
_aHow to look at buildings _9107276 |
||
| 942 |
_2ddc _cBK _k720,BRA |
||
| 999 |
_c185211 _d185211 |
||